| 000 | 00956nam a2200181 i 4500 | ||
|---|---|---|---|
| 001 | 47185 | ||
| 003 | ES-MaACL | ||
| 005 | 20230906161522.0 | ||
| 007 | t| | ||
| 008 | 030404s1948 sp z |||| | spa d | ||
| 110 | 1 |
_aEspaña. _bMinisterio de Asuntos Exteriores. _bRegistro de Tratados. _9168910 |
|
| 245 | 1 | 0 |
_aConvenio entre España, Estados Unidos, Francia y Gran Bretaña relativo a la eliminación del potencial económico situado en España susceptible de constituir un peligro para la paz y de liquidación de saldos y reclamaciones de pago entre los gobiernos de España y de Alemania y protocolos ejecutivo y financiero complementarios del mismo / _cMinisterio de Asuntos Exteriores, Registro de Tratados. |
| 260 |
_aMadrid : _bMinisterio de Asuntos Exteriores, _c1948. |
||
| 300 |
_a21 p. ; _c23 cm. |
||
| 650 | 4 |
_aReducción de la deuda. _9168911 |
|
| 710 | 1 |
_aEspaña. _bMinisterio de Asuntos Exteriores. _93845 |
|
| 852 |
_aES-MaACL _j1560-F-17 |
||
| 999 |
_c47185 _d47185 |
||